Catálogo - Centro de Recursos para el Aprendizaje y la Investigación
Volver al Sitio - CRAI Biblioteca| 000 -CABECERA | |
|---|---|
| campo de control de longitud fija | 02650nam a2200313 4500 |
| 001 - NÚMERO DE CONTROL | |
| campo de control | 114096 |
| 003 - IDENTIFICADOR DEL NÚMERO DE CONTROL | |
| campo de control | DR-UNIBE |
| 005 - FECHA Y HORA DE LA ÚLTIMA TRANSACCIÓN | |
| campo de control | 20250922111115.0 |
| 008 - DATOS DE LONGITUD FIJA--INFORMACIÓN GENERAL | |
| campo de control de longitud fija | 250922b2013 dr ||||| |||| 00| 0 spa d |
| 020 ## - NÚMERO INTERNACIONAL ESTÁNDAR DEL LIBRO | |
| Número Internacional Estándar del Libro | 9789945868395 |
| 040 ## - FUENTE DE LA CATALOGACIÓN | |
| Centro catalogador/agencia de origen | BIBLIOTECA UNIBE |
| Centro/agencia transcriptor | BIBLIOTECA UNIBE |
| Lengua de catalogación | spa |
| Normas de descripción | rda |
| 041 ## - CÓDIGO DE LENGUA | |
| Código de lengua del texto/banda sonora o título independiente | spa |
| 082 ## - NÚMERO DE LA CLASIFICACIÓN DECIMAL DEWEY | |
| Número de edición | 22 |
| Número de clasificación | RD 306.362 R282e |
| 100 10 - ENTRADA PRINCIPAL--NOMBRE DE PERSONA | |
| Nombre de persona | Read Ortiz, Alexis |
| 9 (RLIN) | 199349 |
| Término indicativo de función/relación | autor |
| 245 13 - MENCIÓN DE TÍTULO | |
| Título | De esclavos y montoneros : |
| Resto del título | los combates de El Memiso y El Pinar / |
| Mención de responsabilidad, etc. | Alexis Read Ortiz |
| 250 ## - MENCIÓN DE EDICIÓN | |
| Mención de edición | Primera edición |
| 260 ## - PUBLICACIÓN, DISTRIBUCIÓN, ETC. | |
| Lugar de publicación, distribución, etc. | Santo Domingo : |
| Nombre del editor, distribuidor, etc. | Fundación García Arévalo, |
| Fecha de publicación, distribución, etc. | 2013 |
| 300 ## - DESCRIPCIÓN FÍSICA | |
| Extensión | 638 páginas : |
| Otras características físicas | ilustraciones b/n, color ; |
| Dimensiones | 23 x 17 cm |
| 500 ## - NOTA GENERAL | |
| Nota general | Comentario de la obra en la contraportada |
| 505 ## - NOTA DE CONTENIDO CON FORMATO | |
| Nota de contenido con formato | Dedicatoria |<br/>Agradecimientos |<br/>Prólogo: los aportes a la nueva historia dominicana de Alexis Read |<br/>Anotaciones previas |<br/>Primera anotación |<br/>Segunda anotación |<br/>Capítulo I Maniel : de la trata y la esclavitud |<br/>Capítulo II un honorable negocio |<br/>Capítulo III la trata negra |<br/>Capítulo IV el universo de la esclavitud |<br/>Capítulo V las rebeliones de esclavos : El Cimarrón |<br/>Capítulo VI los Manieles |<br/>Capítulo VII los Manieles de Ocoa |<br/>Capítulo VIII el Maniel o San José de Ocoa |<br/>Capítulo IX la búsqueda de la identidad nacional |<br/>Capítulo X la unificación coin Haití |<br/>Capítulo XI la independencia, la quimera de una República Dominicana |<br/>Capítulo XII la reacción del Estado haitiano ante el hecho cumplido de la separación, el ejército haitiano y su armamento |<br/>Capítulo XIII e ejército dominicano y su armamento |<br/>Capítulo XIV los hateros y monteros: héroes de las guerras de independencia |<br/>Capítulo XV el frente sur: numancia de la patria |<br/>Capítulo XVI las avenidas de la invasion. Problemas que plantea el abordaje de las acciones en El Memiso y El Pinar |<br/>Capítulo XVII El Memiso: lo vegetal y lo humano |<br/>Capítulo XVIII el Maniel es El Pinar |<br/>Capítulo XIX el combate de El Pinar |<br/>Capítulo XX de pequeñeces y de grandezas. Vindicación de El Memiso y el Pinar<br/>Epílogo |<br/>Bibliografía |<br/>Índice onomástico |<br/>Índice toponímico |
| 650 ## - PUNTO DE ACCESO ADICIONAL DE MATERIA--TÉRMINO DE MATERIA | |
| Fuente del encabezamiento o término | lemb |
| Término de materia o nombre geográfico como elemento de entrada | Esclavos |
| Subdivisión general | Historia |
| Subdivisión geográfica | San José de Ocoa |
| 9 (RLIN) | 199353 |
| 650 #7 - PUNTO DE ACCESO ADICIONAL DE MATERIA--TÉRMINO DE MATERIA | |
| Fuente del encabezamiento o término | lemb |
| Término de materia o nombre geográfico como elemento de entrada | Montoneros |
| Subdivisión general | Historia |
| Subdivisión geográfica | San José de Ocoa |
| 9 (RLIN) | 199354 |
| 651 #7 - PUNTO DE ACCESO ADICIONAL DE MATERIA--NOMBRE GEOGRÁFICO | |
| Fuente del encabezamiento o término | lemb |
| Nombre geográfico | República Dominicana |
| Subdivisión general | Guerras de la Separación |
| Subdivisión cronológica | 1844-1856 |
| 9 (RLIN) | 199352 |
| 700 10 - PUNTO DE ACCESO ADICIONAL--NOMBRE DE PERSONA | |
| Nombre de persona | Despradel Cabral, Alberto Emilio, |
| Fechas asociadas al nombre | 1948- |
| 9 (RLIN) | 49586 |
| Término indicativo de función/relación | prologuista |
| 700 10 - PUNTO DE ACCESO ADICIONAL--NOMBRE DE PERSONA | |
| Nombre de persona | Almánzar Rodríguez, Luz |
| 9 (RLIN) | 24130 |
| Término indicativo de función/relación | corrector de estilo |
| 700 10 - PUNTO DE ACCESO ADICIONAL--NOMBRE DE PERSONA | |
| Nombre de persona | Casado, Yissel |
| 9 (RLIN) | 55534 |
| Término indicativo de función/relación | diagramador |
| 700 10 - PUNTO DE ACCESO ADICIONAL--NOMBRE DE PERSONA | |
| Nombre de persona | Read, Enrique |
| 9 (RLIN) | 148123 |
| Término indicativo de función/relación | diseñador de portada |
| 942 ## - ELEMENTOS DE PUNTO DE ACCESO ADICIONAL (KOHA) | |
| Fuente del sistema de clasificación o colocación | Sistema de Clasificación Decimal Dewey |
| Tipo de ítem Koha | Libro (general) |
| Estado de retiro | Estado de pérdida | Fuente del sistema de clasificación o colocación | No para préstamo | Código de colección | Localización permanente | Fecha de adquisición | Total de préstamos | Signatura topográfica completa | Código de barras | Fecha visto por última vez | Número de copia | Precio válido a partir de | Tipo de ítem Koha |
|---|---|---|---|---|---|---|---|---|---|---|---|---|---|
| Disponible | Sistema de Clasificación Decimal Dewey | General - Libros dominicanos | Biblioteca Central UNIBE | 22/09/2025 | RD 306.362 R282 | 251022 | 22/09/2025 | Ej. 1 | 22/09/2025 | Libro (general) |